1929 1236 1422 1823 1069 1364 1526 1082 1928 1684 1508 1473 1057 1353 1420 1897 1504 1240 1456 1521 1335 1599 1561 1444 1340 1380 1789 1811 1426 1721 1556 1196 1751 1987 1500 1732 1392 1697 1010 1441 1269 1198 1674 1905 1173 1948 1243 1790 1580 1201 1282 1916 1263 1628 1753 1624 1891 1080 1832 1666 1610 1734 1756 1849 1298 1416 1983 1256 1943 1519 1953 1719 1966 1408 1784 1802 1687 1247 1058 1779 1145 1938 1525 1374 1077 1164 1036 1874 1682 1800 1356 1859 1137 1485 1200 1552 1458 1474 1684 BCNSPRNW ULIB Ver.6.0+V

เปลี่ยนเป็นภาษาไทย

Change to English
 แสดงรายละเอียดบรรณานุกรม
  กลับหน้าหลัก

Brief Record : Get Marc (ISO 2709) : E-mail record : QR code < ปิดหน้าต่าง
LEADER : 00000nam 2200000uu 4500
001    13399113979
003     ULIB
008    120119s2546||||th 000 0 tha d
020    ^a9789742125790
050  4 ^aBF128^bต777จ
100 0  ^aเติมศักดิ์ คทวณิช
245 10 ^aจิตวิทยาทั่วไป =^bGeneral psychology /^cเติมศักดิ์ คทวณิช
246 31 ^aGeneral psychology
260    ^aกรุงเทพฯ :^bซีเอ็ดยูเคชั่น,^c2546
300    ^a331 หน้า :^bภาพประกอบ,^c25 ซม.
650  4 ^aจิตวิทยา
945    ^p170^l0^i18677
945    ^p170^l0^i18905
945    ^p170^l0^i18906
995    ^aกัณชพร
999 ^a ใช้งานได้ทุกระบบ
รายการนี้ยังไม่มีแท็ก
คุณยังไม่ได้ล็อกอิน คุณสามารถมีกิจกรรมร่วมกับเว็บไซต์ได้ แต่ต้องล็อกอินก่อน ::
  ล็อกอิน

รายการสื่อสารสนเทศ

ลำดับที่ ประเภท เลขเรียก/บาร์โค้ด สถานที่ สถานะ
- ไม่พบข้อมูล -

รายการใกล้เคียง
    หัวเรื่อง [จิตวิทยา]

BibComment


ยังไม่เคยถูกคอมเมนท์

คอมเมนท์ทรัพยากรรายการนี้
  คอมเมนท์: จิตวิทยาทั่วไป ..


 Copyright 2026. Bcnsprnw @Library